[Event "GCT 2023 Saint Louis - Blitz"]
[Site "Saint Louis"]
[Date "17.11.2023"]
[Round "9B"]
[White "Vachier-Lagrave, Maxime"]
[Black "Caruana, Fabiano"]
[Result "1/2-1/2"]
[WhiteTitle "GM"]
[BlackTitle "GM"]
[WhiteElo "2734"]
[BlackElo "2795"]
[WhiteFideId "623539"]
[BlackFideId "2020009"]
[EventDate "2023.11.17"]

1. e4 e5 2. Nf3 Nc6 3. Bb5 a6 4. Ba4 Nf6 5. O-O Be7 6. Re1 b5 7. Bb3 d6 8. c3
O-O 9. h3 Na5 10. Bc2 c5 11. d4 Qc7 12. Nbd2 cxd4 13. cxd4 Nc6 14. Nb3 a5 15.
Be3 a4 16. Nbd2 Nb4 17. Bb1 Bd7 18. a3 Nc6 19. Bd3 Qb7 20. Rc1 Rfe8 21. Qe2 h6
22. dxe5 Nxe5 23. Nxe5 dxe5 24. Nf3 Qb8 25. Bc5 Bxc5 26. Rxc5 b4 27. axb4 Qxb4
28. Rec1 Ra5 29. Rxa5 Qxa5 30. Bc4 Qb4 31. Ne1 Rc8 32. Nd3 Qd6 33. Qe3 Be6 34.
Bxe6 Rxc1+ 35. Qxc1 Qxe6 36. Qc2 Nxe4 37. Qxa4 Qd5 38. Qe8+ Kh7 39. Qxe5 Qxd3
40. Qf5+ Kg8 41. Qc8+ Kh7 42. Qf5+ Kg8 43. Qc8+ Kh7 44. Qf5+ 1/2-1/2

[Event "GCT 2023 Saint Louis - Rapid"]
[Site "Saint Louis"]
[Date "18.11.2023"]
[Round "10B"]
[White "Xiong, Jeffery"]
[Black "Sevian, Samuel"]
[Result "0-1"]
[WhiteElo "2727"]
[BlackElo "2581"]
[EventDate "2023.11.17"]

1. Nf3 Nf6 2. c4 e6 3. b3 d5 4. Bb2 Bd6 5. g3 b6 6. Bg2 Bb7 7. O-O O-O 8.
Nc3 a6 9. e3 Re8 10. cxd5 Nxd5 11. Nxd5 Bxd5 12. Qc2 c5 13. e4 Bb7 14. d4
cxd4 15. Nxd4 Nd7 16. Rfd1 Rc8 17. Qe2 Bf8 18. h4 Qe7 19. Rd2 Nc5 20. Rad1
Red8 21. h5 h6 22. Bf3 Qe8 23. Qe3 Be7 24. Qe1 Nd7 25. Bg2 Bb4 26. Qe3 Bxd2
27. Rxd2 Nf6 28. Bf3 Rd7 29. g4 Qd8 30. Re2 e5 0-1

[Event "GCT 2023 Saint Louis - Rapid"]
[Site "Saint Louis"]
[Date "18.11.2023"]
[Round "10B"]
[White "So, Wesley"]
[Black "Caruana, Fabiano"]
[Result "0-1"]
[WhiteElo "2753"]
[BlackElo "2765"]
[EventDate "2023.11.17"]

1. d4 d5 2. Bf4 Nf6 3. e3 Bf5 4. c4 e6 5. Qb3 Nbd7 6. Nc3 dxc4 7. Bxc4 Nb6
8. Be2 c6 9. Nf3 Be7 10. O-O O-O 11. Rac1 h6 12. h3 a5 13. a3 a4 14. Qd1
Nfd5 15. Bg3 Nxc3 16. Rxc3 Nd5 17. Rc4 Qa5 18. Ne5 Nf6 19. f3 Rfd8 20. Qc1
Nd7 21. Qc3 Qxc3 22. Rxc3 Bd6 23. Nxd7 Bxg3 24. Nb6 Ra5 25. f4 Bh4 26. Rfc1
g5 27. fxg5 Bxg5 28. Kf2 e5 29. dxe5 Rxe5 30. Rd1 Rxd1 31. Bxd1 Be4 32.
Nxa4 Rd5 33. Bf3 Bxf3 34. Kxf3 Rd2 35. Rb3 b5 36. Nc5 Rc2 37. Ne4 Be7 38.
Rc3 Rxb2 39. Rxc6 Bxa3 40. Rxh6 Kg7 41. Rb6 Rb3 42. h4 Bc1 43. Nd6 Rxe3+
44. Kg4 Rb3 45. Rb7 Kf6 46. Nxb5 Kg6 47. Nd6 f5+ 0-1

[Event "GCT 2023 Saint Louis - Rapid"]
[Site "Saint Louis"]
[Date "18.11.2023"]
[Round "10B"]
[White "Vachier-Lagrave, Maxime"]
[Black "Le, Quang Liem"]
[Result "0-1"]
[WhiteElo "2771"]
[BlackElo "2652"]
[EventDate "2023.11.17"]

1. e4 c5 2. Nf3 Nc6 3. c3 Nf6 4. e5 Nd5 5. Bc4 Nb6 6. Bb3 d5 7. exd6 Qxd6
8. O-O c4 9. Bc2 g6 10. b3 Bg7 11. Na3 cxb3 12. axb3 O-O 13. d4 Rd8 14. Re1
Bg4 15. h3 Bxf3 16. Qxf3 Rac8 17. Be4 Qd7 18. Bg5 Nd5 19. Nc4 b5 20. Ne3
Nxc3 21. Bxc6 Qxc6 22. Qxc6 Rxc6 23. Rxa7 f6 24. Bf4 Rxd4 25. Ng4 Nd5 26.
Ra8+ Kf7 27. Be3 Rd3 28. Nh6+ Bxh6 29. Bxh6 g5 30. h4 gxh4 31. Re4 h3 32.
g3 Rxb3 33. Rf8+ Kg6 34. Rg8+ Kf5 35. Re1 e5 36. Kh2 Rb2 37. Kxh3 Rxf2 38.
Rd1 Rcc2 39. g4+ Ke4 40. Rh1 Ne7 41. Rb8 Rc3+ 42. Kh4 Rb3 43. Bg7 Rff3 44.
Re1+ Kd5 45. Rd1+ Ke6 0-1

[Event "GCT 2023 Saint Louis - Rapid"]
[Site "Saint Louis"]
[Date "18.11.2023"]
[Round "10B"]
[White "Robson, Ray"]
[Black "Nepomniachtchi, Ian"]
[Result "0-1"]
[WhiteElo "2596"]
[BlackElo "2789"]
[EventDate "2023.11.17"]

1. d4 Nf6 2. c4 e6 3. Nf3 d5 4. Nc3 dxc4 5. e4 b5 6. e5 Nd5 7. Nxb5 Nb6 8.
Be2 Nc6 9. O-O Be7 10. Be3 O-O 11. a3 Rb8 12. Qc2 Na5 13. Rad1 Qd7 14. Nc3
Bb7 15. Ng5 Bxg5 16. Bxg5 Nb3 17. Be3 Rfd8 18. Ne4 Bxe4 19. Qxe4 Na4 20.
Bxc4 Nxb2 21. Bxb3 Rxb3 22. Rb1 Rdb8 23. Qc2 h6 24. h3 a5 25. Rfc1 a4 26.
Qxc7 Qxc7 27. Rxc7 Rxa3 28. d5 exd5 29. e6 fxe6 30. Bd4 Rab3 31. Rxg7+ Kf8
32. Ra7 Nd3 33. Rf1 a3 34. Kh2 R8b7 35. Ra6 e5 36. Be3 d4 37. Bxh6+ Kf7 38.
Ra1 R7b6 39. Ra7+ Kg6 40. Bf8 Nxf2 41. Rg7+ Kf6 42. Rf1 Rb2 43. Ra7 a2 44.
Bc5 R6b5 45. Be7+ Ke6 46. Bh4 Ne4 47. Ra1 Nc3 48. Be1 Kd5 49. h4 Kc4 50. h5
Kb3 51. h6 Rb6 52. h7 Rh6+ 53. Kg3 Ne4+ 54. Kg4 Rxh7 55. Rxh7 Nf6+ 56. Kf5
Nxh7 57. Kxe5 Rb1 58. Kxd4 0-1

[Event "GCT 2023 Saint Louis - Rapid"]
[Site "Saint Louis"]
[Date "18.11.2023"]
[Round "10B"]
[White "Giri, Anish"]
[Black "Firouzja, Alireza"]
[Result "0-1"]
[WhiteElo "2697"]
[BlackElo "2742"]
[EventDate "2023.11.17"]

1. e4 c6 2. d4 d5 3. exd5 cxd5 4. c4 Nf6 5. Nc3 e6 6. Nf3 Bb4 7. cxd5 Nxd5
8. Bd2 Nc6 9. Bd3 O-O 10. O-O Be7 11. Qe2 Bf6 12. Rad1 b6 13. Ne4 Bb7 14.
Nxf6+ Nxf6 15. Bg5 h6 16. Bh4 Nb4 17. Bc4 Nbd5 18. Rfe1 Rc8 19. Bb3 Nf4 20.
Qe3 Ng6 21. Bg3 Nd5 22. Qd2 Nde7 23. Ne5 Nxe5 24. Bxe5 Ng6 25. Bg3 Qf6 26.
Bc2 Rfd8 27. f3 Rd7 28. a3 Rcd8 29. Bf2 Nh4 30. Qe3 Nf5 31. Bxf5 Qxf5 32.
Rd2 Rc8 33. Red1 Bd5 34. Bg3 Rdd8 35. h3 Rc6 36. Kh2 Rdc8 37. Re1 f6 38.
Qf2 Rc1 39. Rde2 R1c4 40. Rd2 a5 41. Qe3 b5 42. Qf2 b4 43. axb4 axb4 44.
Qe3 Rc2 45. Rxc2 Rxc2 46. Re2 Rc8 47. Qd2 b3 48. Rf2 Qb1 49. Qb4 Rc1 50.
Bd6 Rh1+ 51. Kg3 Qg6+ 0-1

[Event "GCT 2023 Saint Louis - Rapid"]
[Site "Saint Louis"]
[Date "18.11.2023"]
[Round "11B"]
[White "Le, Quang Liem"]
[Black "So, Wesley"]
[Result "1/2-1/2"]
[WhiteElo "2652"]
[BlackElo "2753"]
[EventDate "2023.11.17"]

1. d4 d5 2. c4 e6 3. Nc3 a6 4. cxd5 exd5 5. Nf3 h6 6. Bf4 Nf6 7. e3 Bd6 8.
Bg3 O-O 9. Bd3 Re8 10. Qc2 Nc6 11. a3 Bg4 12. O-O Bxg3 13. hxg3 Ne7 14.
Rfc1 c6 15. Na4 Nd7 16. b4 Nc8 17. Nc5 Nd6 18. a4 Bxf3 19. gxf3 Nb6 20. e4
dxe4 21. fxe4 Nd7 22. Rab1 Rb8 23. e5 Nc8 24. Ne4 Nf8 25. Rd1 Re7 26. Bc4
Rd7 27. Rd3 Ne6 28. Rbd1 Nb6 29. Nd6 Nxc4 30. Qxc4 Nc7 31. Rf3 Qf8 32. Kg2
Ne8 33. Nf5 Nc7 34. Rh1 Rbd8 35. Rh4 Ne6 36. Nd6 Rxd6 37. exd6 Qxd6 38. b5
cxb5 39. axb5 axb5 40. Qb3 Qc6 41. Kh2 b4 42. Rf5 Qd7 43. Rf3 Nxd4 44. Rxd4
Qxd4 45. Rxf7 Kh8 46. Rf4 Qc5 47. Qxb4 Qxb4 48. Rxb4 Rd7 49. Rb6 Kg8 50. f4
Kf7 51. Kh3 Ke7 52. f5 Kd8 53. f6 g6 54. f7 Rxf7 55. Rxg6 Rh7 56. Kg4 Kc7
57. Kh5 b5 58. Re6 Rh8 59. g4 Kb7 60. Rxh6 Rxh6+ 61. Kxh6 b4 62. g5 b3 63.
g6 b2 64. g7 b1=Q 65. g8=Q Qc1+ 66. Qg5 Qxg5+ 67. Kxg5 1/2-1/2

[Event "GCT 2023 Saint Louis - Rapid"]
[Site "Saint Louis"]
[Date "18.11.2023"]
[Round "11B"]
[White "Nepomniachtchi, Ian"]
[Black "Vachier-Lagrave, Maxime"]
[Result "1-0"]
[WhiteElo "2789"]
[BlackElo "2771"]
[EventDate "2023.11.17"]

1. e4 c5 2. Nf3 Nc6 3. d4 cxd4 4. Nxd4 Nf6 5. Nc3 e5 6. Ndb5 d6 7. Bg5 a6
8. Na3 b5 9. Nd5 Be7 10. Bxf6 Bxf6 11. c4 b4 12. Nc2 O-O 13. g3 a5 14. h4
Rb8 15. Qd3 Be6 16. Nce3 Nd4 17. O-O-O Qd7 18. Kb1 Rfc8 19. f4 Bd8 20. f5
Bxd5 21. Nxd5 Rc5 22. g4 Kf8 23. g5 Qc6 24. f6 h5 25. fxg7+ Kxg7 26. Be2 b3
27. a3 Rc8 28. Rhf1 Kg6 29. Qh3 Qe8 30. Bxh5+ Kxh5 31. Nf6+ Bxf6 32. Rxf6
Qe6 33. Rg1 Rh8 34. Rxe6 fxe6 35. g6 Kh6 36. g7 1-0

[Event "GCT 2023 Saint Louis - Rapid"]
[Site "Saint Louis"]
[Date "18.11.2023"]
[Round "11B"]
[White "Giri, Anish"]
[Black "Xiong, Jeffery"]
[Result "1/2-1/2"]
[WhiteElo "2697"]
[BlackElo "2727"]
[EventDate "2023.11.17"]

1. d4 d5 2. c4 e6 3. Nc3 Nf6 4. cxd5 exd5 5. Bg5 c6 6. e3 Be7 7. Bd3 O-O 8.
Nge2 Nbd7 9. O-O Re8 10. Qc2 Nf8 11. Rae1 Ng6 12. f3 Be6 13. Kh1 Rc8 14.
Qd2 b5 15. Nf4 Nxf4 16. exf4 h6 17. f5 Bd7 18. Bf4 Qb6 19. Bb1 a5 20. Re2
b4 21. Na4 Qb5 22. Bd3 Qxa4 23. b3 Qa3 24. Qd1 c5 25. Bc1 c4 26. Bb1 Qxc1
27. Qxc1 cxb3 28. Qd1 bxa2 29. Rxa2 a4 30. Rxa4 Bxa4 31. Qxa4 Bf8 32. Qd1
Re3 33. Ba2 Rcc3 34. Re1 Rxe1+ 35. Qxe1 Rd3 36. Qe2 Rxd4 37. Bb3 Bc5 38. g3
h5 39. Kg2 Bd6 40. h4 Kf8 41. Qc2 Ke7 42. Qe2+ Kd8 43. Qe3 Bc5 44. Qc1 Bd6
45. Qe3 Bc5 46. Qc1 Bd6 47. Qe3 Bc5 1/2-1/2

[Event "GCT 2023 Saint Louis - Rapid"]
[Site "Saint Louis"]
[Date "18.11.2023"]
[Round "11B"]
[White "Caruana, Fabiano"]
[Black "Sevian, Samuel"]
[Result "1/2-1/2"]
[WhiteElo "2765"]
[BlackElo "2581"]
[EventDate "2023.11.17"]

1. d4 Nf6 2. c4 e6 3. Nc3 Bb4 4. g3 O-O 5. Bg2 d5 6. Nf3 dxc4 7. O-O Nc6 8.
Re1 Be7 9. e4 Rb8 10. h4 b5 11. e5 Nd5 12. Ng5 h6 13. Nge4 f5 14. exf6 Bxf6
15. Nxf6+ Qxf6 16. Nxd5 exd5 17. Bxd5+ Kh8 18. Be3 Nb4 19. Bg2 Nd3 20. Rf1
Nxb2 21. Qd2 Nd3 22. Qa5 Bb7 23. d5 b4 24. Qxc7 Rfc8 25. Qa5 Qa6 26. Qxa6
Bxa6 27. Bxa7 Rb7 28. Be3 Bb5 29. Rfd1 Rd8 30. Be4 Re7 31. f3 Rxd5 32. Bxd5
Rxe3 33. Be4 c3 34. Bxd3 Bxd3 35. Rac1 Rxf3 36. Kg2 Re3 37. Re1 Rxe1 38.
Rxe1 Bc4 39. Rb1 c2 40. Rc1 Bxa2 41. Rxc2 Bd5+ 42. Kf2 b3 43. Rc5 Be4 44.
Rb5 Bc2 45. Ke3 Kh7 46. Kf4 Kg6 47. g4 Kf6 48. Rb6+ Ke7 49. Ke5 Kd7 50. Kd5
Kc7 51. Kc5 Kd7 52. Rb7+ Ke6 53. Kd4 Kf6 54. Rb6+ Kf7 55. Ke5 Bd1 56. g5
hxg5 57. hxg5 Bc2 58. Kd5 Ke7 59. Rb7+ Kf8 60. Ke5 Kg8 61. Ke6 Bd1 62. Ke7
Bc2 63. Rb6 Kh7 64. Kf7 Bd1 65. g6+ Kh6 66. Rb8 Bc2 67. Rb6 b2 68. Rxb2
Bxg6+ 69. Ke6 Bd3 70. Ke5 g6 71. Kf6 Kh5 72. Rg2 Bf5 73. Ke5 Kh6 74. Rg1
Kg7 75. Rc1 Kh6 76. Rh1+ Kg7 77. Rh2 Bg4 78. Kf4 Bf5 79. Kg5 Be6 80. Re2
Kf7 81. Rb2 Bf5 82. Rb6 Ke7 83. Kf4 Kf7 84. Ke5 Kg7 85. Rb7+ Kh6 86. Kf4
Bc2 87. Rc7 Bb1 88. Rc1 Bf5 89. Rg1 Kg7 90. Kg5 Kf7 91. Rf1 Ke7 92. Re1+
Kd6 93. Kf4 Kd5 94. Rd1+ Ke6 95. Rg1 Kd5 96. Rxg6 Bxg6 1/2-1/2

[Event "GCT 2023 Saint Louis - Rapid"]
[Site "Saint Louis"]
[Date "18.11.2023"]
[Round "11B"]
[White "Firouzja, Alireza"]
[Black "Robson, Ray"]
[Result "1-0"]
[WhiteElo "2742"]
[BlackElo "2596"]
[EventDate "2023.11.17"]

1. c4 e5 2. d3 Nf6 3. Nf3 Nc6 4. a3 d5 5. cxd5 Nxd5 6. e4 Nb6 7. Be2 Be7 8.
Be3 Be6 9. O-O O-O 10. Nbd2 Bf6 11. Rc1 Rc8 12. Nb3 Na4 13. Nbd2 Nb6 14. b4
Nd4 15. Bxd4 exd4 16. Nb3 Bxb3 17. Qxb3 Nd7 18. Nd2 c5 19. b5 Qe7 20. f4 g6
21. e5 Bg7 22. Bg4 Rc7 23. Ne4 b6 24. Qc4 Kh8 25. Rce1 f5 26. exf6 Nxf6 27.
Be6 Nxe4 28. Rxe4 Qd6 29. Qd5 Qxd5 30. Bxd5 Bf6 31. Rfe1 Kg7 32. g3 h5 33.
Kg2 Rd8 34. Bc4 Rdd7 35. Re8 Re7 36. Rg8+ Kh7 37. Rxe7+ Rxe7 38. Kf2 Re3
39. Rf8 Bg7 40. Rf7 Kh6 41. Rxa7 Bf6 42. Rb7 Bd8 43. Rd7 Be7 44. Rb7 Bd8
45. Rb8 Bc7 46. Rc8 Re7 47. a4 g5 48. Rh8+ Kg7 49. Rg8+ Kh7 50. Rxg5 1-0

[Event "GCT 2023 Saint Louis - Rapid"]
[Site "Saint Louis"]
[Date "18.11.2023"]
[Round "12B"]
[White "Vachier-Lagrave, Maxime"]
[Black "Firouzja, Alireza"]
[Result "1-0"]
[WhiteElo "2771"]
[BlackElo "2742"]
[EventDate "2023.11.17"]

1. e4 c6 2. d4 d5 3. e5 Bf5 4. Nf3 e6 5. Be2 Ne7 6. O-O c5 7. c4 Nbc6 8.
dxc5 dxc4 9. Bxc4 Ng6 10. Be3 Be7 11. Nc3 O-O 12. Be2 Ngxe5 13. Nxe5 Nxe5
14. f4 Nd7 15. g4 Bg6 16. f5 exf5 17. gxf5 Bxc5 18. Bxc5 Qg5+ 19. Kh1 Nxc5
20. Qd5 Qe7 21. fxg6 hxg6 22. Bc4 Rae8 23. Rf2 Rd8 24. Qf3 Rd4 25. b3 Nd7
26. Raf1 Ne5 27. Qe2 Qc5 28. Rf4 Rxf4 29. Rxf4 a6 30. Nd5 Re8 31. Re4 Qd6
32. Ne3 b5 33. Bd5 Kf8 34. Rh4 Kg8 35. Qf2 Rc8 36. Rd4 Qf6 37. Qxf6 gxf6
38. Kg2 Kg7 39. Rd2 Rc1 40. Rd1 Rc3 41. Kf2 f5 42. Ke2 f4 43. Nf1 Rh3 44.
Bb7 a5 45. Rd5 f6 46. Rxb5 Rc3 47. Be4 Rc1 48. Nd2 Ng4 49. h3 Ne3 50. Rxa5
f5 51. Bf3 g5 52. b4 Rc2 53. a3 Rb2 54. Rc5 Kf6 55. b5 g4 56. hxg4 fxg4 57.
Be4 g3 58. Kd3 g2 59. Bxg2 Nxg2 60. Ne4+ Ke6 61. a4 Ne1+ 62. Kd4 Rb4+ 63.
Rc4 Rb1 64. Kc5 Ke5 65. b6 Nd3+ 66. Kc6 f3 67. Nd2 f2 68. b7 Ke6 69. Re4+
Ne5+ 70. Rxe5+ Kxe5 71. Nxb1 f1=Q 1-0

[Event "GCT 2023 Saint Louis - Rapid"]
[Site "Saint Louis"]
[Date "18.11.2023"]
[Round "12B"]
[White "So, Wesley"]
[Black "Nepomniachtchi, Ian"]
[Result "1/2-1/2"]
[WhiteElo "2753"]
[BlackElo "2789"]
[EventDate "2023.11.17"]

1. e4 e5 2. Bc4 Nc6 3. Nf3 Nf6 4. d3 Bc5 5. O-O O-O 6. Nc3 h6 7. a3 a6 8.
Be3 Bxe3 9. fxe3 d6 10. Qe1 Be6 11. Nd2 Na5 12. Ba2 Bxa2 13. Rxa2 Nd7 14.
Ra1 Nc6 15. Nf3 Ne7 16. Qg3 Ng6 17. Qh3 c6 18. Ne2 Nf6 19. Nh4 Nxh4 20.
Qxh4 d5 21. Ng3 dxe4 22. Nxe4 Nxe4 23. Qxe4 Qd5 24. Qxd5 cxd5 25. d4 Rfe8
26. Rad1 Rac8 27. c3 exd4 28. Rxd4 Rxe3 29. Rxd5 Rc7 30. Rfd1 Rce7 31. Rd7
Re1+ 32. Rxe1 Rxd7 33. Kf2 f5 34. Re5 Rd2+ 35. Re2 Rd7 36. Re5 Rd2+ 37. Re2
Rd7 38. Re5 1/2-1/2

[Event "GCT 2023 Saint Louis - Rapid"]
[Site "Saint Louis"]
[Date "18.11.2023"]
[Round "12B"]
[White "Sevian, Samuel"]
[Black "Le, Quang Liem"]
[Result "1-0"]
[WhiteElo "2581"]
[BlackElo "2652"]
[EventDate "2023.11.17"]

1. e4 c5 2. Nf3 Nc6 3. d4 cxd4 4. Nxd4 e5 5. Nb5 d6 6. N1c3 a6 7. Na3 Be6
8. Nc4 Rb8 9. Ne3 Nf6 10. Bd3 g6 11. O-O Bh6 12. a4 O-O 13. Kh1 Rc8 14. b3
Nb4 15. Bb2 Bxe3 16. fxe3 Ng4 17. Qd2 Nxd3 18. cxd3 Bxb3 19. h3 Nf6 20. Ba3
Nh5 21. Rfb1 Be6 22. Rxb7 Rc6 23. Nd5 Bxd5 24. exd5 Rc7 25. Rb6 Rd7 26.
Rxa6 f5 27. Qb4 Qg5 28. Rxd6 Rdf7 29. Rd7 Qxe3 30. Rxf7 Rxf7 31. Qb8+ Kg7
32. Bb2 Re7 33. d6 Qf4 34. Re1 Qf2 35. Qb4 Nf4 36. Rg1 Ne2 37. Qe1 Ng3+ 38.
Kh2 Qxb2 39. dxe7 1-0

[Event "GCT 2023 Saint Louis - Rapid"]
[Site "Saint Louis"]
[Date "18.11.2023"]
[Round "12B"]
[White "Xiong, Jeffery"]
[Black "Caruana, Fabiano"]
[Result "0-1"]
[WhiteElo "2727"]
[BlackElo "2765"]
[EventDate "2023.11.17"]

1. d4 d5 2. c4 e6 3. Nc3 c6 4. e3 Nf6 5. Nf3 Nbd7 6. Qc2 Bd6 7. b3 O-O 8.
Be2 b6 9. O-O Bb7 10. Bb2 Re8 11. Rad1 Qe7 12. Rfe1 Rad8 13. Bf1 h6 14.
cxd5 exd5 15. g3 Nf8 16. Bg2 Ne6 17. Rc1 Bb4 18. Red1 Rc8 19. a3 Bd6 20. b4
Ng5 21. Nxg5 hxg5 22. Qf5 g4 23. b5 Qe6 24. Qxe6 fxe6 25. bxc6 Bxc6 26. Bf1
Rc7 27. Nb5 Bxb5 28. Rxc7 Bxf1 29. Rc6 Bb5 30. Rxd6 Ne4 31. a4 Bxa4 32. Ra1
Nxd6 33. Rxa4 a5 34. Bc3 Rc8 35. Be1 Rc1 36. Kf1 Nc4 0-1

[Event "GCT 2023 Saint Louis - Blitz"]
[Site "Saint Louis"]
[Date "18.11.2023"]
[Round "13B"]
[White "Robson, Ray"]
[Black "Xiong, Jeffery"]
[Result "0-1"]
[WhiteElo "2596"]
[BlackElo "2727"]
[EventDate "2023.11.17"]

1. e4 e5 2. Nf3 Nf6 3. Nxe5 d6 4. Nf3 Nxe4 5. d4 d5 6. Bd3 Be7 7. O-O Bf5
8. Re1 O-O 9. Nbd2 Nd6 10. Nf1 Bg6 11. Bf4 Nd7 12. b3 Re8 13. Ng3 Nf8 14.
c4 Ne6 15. Be3 c6 16. Bxg6 hxg6 17. Qd3 Bf6 18. Rad1 Qa5 19. h4 Qa6 20. h5
dxc4 21. bxc4 Qxc4 22. hxg6 Qxd3 23. gxf7+ Kxf7 24. Rxd3 Rad8 25. d5 cxd5
26. Bxa7 Nc4 27. Rb1 Rd7 28. Bd4 Nxd4 29. Nxd4 Ra8 30. Nb3 b6 31. Nd2 Nb2
32. Rb3 Rxa2 33. Rxb6 Nd3 34. Nf3 Nxf2 35. Rf1 Ng4 36. Ng5+ Kg6 37. Ne6
Rda7 38. Rb4 Ne3 39. Rf2 Be5 40. Nf1 Rxf2 41. Kxf2 Nxf1 42. Kxf1 Ra1+ 43.
Kf2 Ra2+ 44. Kf3 Ra3+ 45. Kf2 Kf6 46. Rb6 Kf5 47. Rc6 g5 48. Nf8 Ra2+ 49.
Kf1 g4 50. Nd7 Bd4 51. Rd6 Ke4 52. Re6+ Kd3 53. Ne5+ Bxe5 54. Rxe5 d4 55.
g3 Kc3 56. Rc5+ Kb3 57. Rb5+ Kc4 58. Rg5 d3 59. Ke1 Kd4 60. Rf5 Ke3 61.
Re5+ Kf3 62. Rd5 Ra1+ 63. Kd2 Kxg3 64. Rxd3+ Kf2 65. Rd8 g3 66. Rf8+ Kg1
67. Ke2 g2 68. Rh8 Ra7 69. Rh6 Re7+ 70. Kd2 Re5 71. Rh8 Kf2 72. Rf8+ Kg3
73. Rg8+ Kf3 74. Kd3 Re1 75. Rf8+ Kg3 76. Rg8+ Kf2 77. Rf8+ Kg1 78. Rh8 Re5
79. Kd2 Kf2 80. Rf8+ Kg3 81. Rg8+ Kf3 82. Kd3 Rd5+ 83. Kc2 Rd4 84. Kc3 Rg4
0-1

[Event "GCT 2023 Saint Louis - Blitz"]
[Site "Saint Louis"]
[Date "18.11.2023"]
[Round "13B"]
[White "Le, Quang Liem"]
[Black "Caruana, Fabiano"]
[Result "1-0"]
[WhiteElo "2652"]
[BlackElo "2765"]
[EventDate "2023.11.17"]

1. d4 d5 2. c4 e6 3. Nc3 c6 4. e3 Nf6 5. Nf3 Nbd7 6. Be2 Bd6 7. O-O O-O 8.
b3 b6 9. Bb2 Bb7 10. Bd3 Re8 11. Qc2 h6 12. Rfd1 Qe7 13. Rac1 Rad8 14. g3
dxc4 15. bxc4 e5 16. Nh4 Qf8 17. Qa4 a6 18. Nf5 Bb8 19. Ne4 g6 20. Nxf6+
Nxf6 21. Nh4 b5 22. Qb3 Kh7 23. dxe5 Bxe5 24. Bxe5 Rxe5 25. cxb5 Rxd3 26.
Qxd3 cxb5 27. Rc7 Be4 28. Qd6 Qxd6 29. Rxd6 Kg7 30. Rxa6 g5 31. Ng2 Rd5 32.
Rc1 Ng4 33. Ne1 Ne5 34. h3 Rd2 35. Ra5 Bc6 36. a4 Nc4 37. axb5 Bd5 38. Ra4
Nd6 39. Rd4 Rxd4 40. exd4 Kf6 41. b6 Ke6 42. Nd3 1-0

[Event "GCT 2023 Saint Louis - Blitz"]
[Site "Saint Louis"]
[Date "18.11.2023"]
[Round "13B"]
[White "Giri, Anish"]
[Black "Vachier-Lagrave, Maxime"]
[Result "1/2-1/2"]
[WhiteElo "2697"]
[BlackElo "2771"]
[EventDate "2023.11.17"]

1. d4 d5 2. c4 dxc4 3. e4 e5 4. Nf3 Bb4+ 5. Bd2 Bxd2+ 6. Qxd2 exd4 7. Nxd4
Nf6 8. Nc3 O-O 9. O-O-O Qe7 10. f3 c5 11. Ndb5 a6 12. Qd6 Nc6 13. Qxe7 Nxe7
14. Nd6 b5 15. e5 Ne8 16. Nxc8 Rxc8 17. g3 Nc6 18. Bh3 Rb8 19. f4 Nb4 20.
Bf5 g6 21. Be4 f5 22. Bb1 Nc7 23. Rd6 Rfd8 24. Rhd1 Rxd6 25. Rxd6 Ne8 26.
Rd7 Ng7 27. Rd6 Ne8 28. Rd7 Ng7 29. Rd6 Ne8 30. Rd7 1/2-1/2

[Event "GCT 2023 Saint Louis - Blitz"]
[Site "Saint Louis"]
[Date "18.11.2023"]
[Round "13B"]
[White "Firouzja, Alireza"]
[Black "So, Wesley"]
[Result "1/2-1/2"]
[WhiteElo "2742"]
[BlackElo "2753"]
[EventDate "2023.11.17"]

1. c4 e6 2. Nf3 Nf6 3. g3 d5 4. Bg2 Be7 5. O-O O-O 6. d3 c5 7. cxd5 Nxd5 8.
d4 Nc6 9. Nc3 cxd4 10. Nxd4 Nxd4 11. Qxd4 Bf6 12. Qc4 Bxc3 13. bxc3 Bd7 14.
Qb3 Bc6 15. Ba3 Re8 16. c4 Nf6 17. Bxc6 bxc6 18. Rfd1 Qa5 19. Rab1 h5 20.
Bd6 e5 21. c5 Rad8 22. Qc4 Rd7 23. e4 Kh7 24. Rd3 Re6 25. Rf3 Qd2 26. Rf5
h4 27. Kg2 g6 28. Rf3 g5 29. Qb3 h3+ 30. Kg1 Nxe4 31. Rf5 Kg6 32. g4 Nxd6
33. cxd6 Rexd6 34. Qxh3 Kg7 35. Rb8 Rh6 36. Qf1 Rf6 37. Rxf6 Kxf6 38. Rb3
Qf4 39. Qe2 Qd4 40. Kg2 Qd5+ 41. Rf3+ Kg7 42. Qe3 f6 43. h4 gxh4 44. Kh2
Qd4 45. g5 Qxe3 46. gxf6+ Kf7 47. fxe3 c5 48. Kh3 c4 49. Kxh4 c3 50. Rf1
Kg6 51. Kg4 c2 52. Rc1 Rc7 53. f7 Kxf7 54. Kf5 Rc5 55. Ke4 Ke6 56. Kd3 Kf5
57. Rxc2 Rxc2 58. Kxc2 Ke4 59. Kd2 a6 60. Ke2 a5 61. a4 Kd5 62. Kd3 e4+ 63.
Kc3 Kc5 64. Kb3 Kd5 65. Kc3 Kc5 66. Kb3 Kd5 67. Kc3 1/2-1/2

[Event "GCT 2023 Saint Louis - Blitz"]
[Site "Saint Louis"]
[Date "18.11.2023"]
[Round "13B"]
[White "Nepomniachtchi, Ian"]
[Black "Sevian, Samuel"]
[Result "1/2-1/2"]
[WhiteElo "2789"]
[BlackElo "2581"]
[EventDate "2023.11.17"]

1. e4 e5 2. Nf3 Nc6 3. Bc4 Bc5 4. d3 Nf6 5. a4 d6 6. O-O h6 7. a5 a6 8. c3
O-O 9. b4 Ba7 10. h3 Ne7 11. Be3 Ng6 12. Nbd2 Re8 13. Re1 Bxe3 14. Rxe3 Be6
15. Bxe6 Rxe6 16. Qb3 d5 17. g3 Qd7 18. Kh2 Rd8 19. Rae1 Rd6 20. d4 exd4
21. Nxd4 dxe4 22. Nxe4 Nxe4 23. Rxe4 Rd5 24. h4 c5 25. bxc5 Rxc5 26. Rb1
Rxa5 27. Qxb7 Qxb7 28. Rxb7 Re5 29. Rxe5 Nxe5 30. Ra7 Rc8 31. Rxa6 Rxc3 32.
Kg2 Rc8 33. h5 Ng4 34. f3 Rd8 35. fxg4 Rxd4 36. Kf3 Kh7 37. Ra7 f6 38. Ra6
Rd3+ 39. Kf4 Rd4+ 40. Kf3 Rd3+ 41. Kf4 Rd4+ 1/2-1/2

[Event "GCT 2023 Saint Louis - Blitz"]
[Site "Saint Louis"]
[Date "18.11.2023"]
[Round "14B"]
[White "Caruana, Fabiano"]
[Black "Nepomniachtchi, Ian"]
[Result "1-0"]
[WhiteElo "2765"]
[BlackElo "2789"]
[EventDate "2023.11.17"]

1. c4 Nf6 2. Nc3 e5 3. Nf3 Nc6 4. e3 Bb4 5. Qc2 Bxc3 6. bxc3 e4 7. Ng5 Qe7
8. f3 d6 9. Nxe4 Nxe4 10. Qxe4 Qxe4 11. fxe4 b6 12. d3 h5 13. Be2 h4 14. h3
f6 15. Bd2 Be6 16. Rf1 Ke7 17. Kd1 Rag8 18. Kc2 g5 19. d4 Bd7 20. Rf2 g4
21. hxg4 Bxg4 22. Bd3 Rh6 23. Raf1 Rg7 24. Be1 Bc8 25. Rh1 Ba6 26. Bf1 Na5
27. c5 Bxf1 28. cxd6+ cxd6 29. Rhxf1 Rhg6 30. Kd3 Rh7 31. c4 Nc6 32. Rh1
Nb8 33. a4 Nd7 34. a5 Ke6 35. axb6 axb6 36. Ra2 Rg4 37. g3 h3 38. Rah2 Rh8
39. Rxh3 Ra8 40. Rh7 Nf8 41. d5+ 1-0

[Event "GCT 2023 Saint Louis - Blitz"]
[Site "Saint Louis"]
[Date "18.11.2023"]
[Round "14B"]
[White "So, Wesley"]
[Black "Giri, Anish"]
[Result "0-1"]
[WhiteElo "2753"]
[BlackElo "2697"]
[EventDate "2023.11.17"]

1. e4 e5 2. Nf3 Nc6 3. Bb5 Nf6 4. d3 Bc5 5. Bxc6 dxc6 6. O-O Bg4 7. h3 Bh5
8. g4 Nxg4 9. hxg4 Bxg4 10. Be3 Be7 11. Nbd2 Qc8 12. Kh1 f5 13. Qe1 f4 14.
Nxe5 Rf8 15. Bd4 Rf6 16. f3 Rh6+ 17. Kg1 Bh3 18. Rf2 Bh4 19. Qe2 Qd8 20. c3
Bxf2+ 21. Bxf2 Qg5+ 22. Ng4 Rg6 23. e5 h5 24. Ne4 Qe7 25. Bc5 Qe6 26. Qf2
hxg4 27. Qh4 Kd7 28. Kf2 b6 29. Rh1 Qxe5 30. Bd4 Qf5 31. Re1 gxf3 32. Rh1
Rh6 33. Qg5 Qxg5 34. Nxg5 Bg4 0-1